000 00523nam a2200193Ia 4500
008 101110s9999 xx 000 0 und d
041 _aENGLISH
082 _bSR13340
100 _aPattanshetty and Palekar
245 _aCost Accounting : a basic approach (5th ed.)
365 _b32.5
520 _aCommerce
546 _aENGLISH
630 _aCost Accounting : a basic approach (5th ed.)
650 _aCommerce
655 _aCommerce
730 _aCost Accounting : a basic approach (5th ed.)
942 _cBOOK
999 _c807571
_d807568